000 00301nam a22001457a 4500
999 _c165446
_d165446
082 _a
_b
100 _aHakam Chand
245 _aHistory of modern India/
_cby Hakam Chand.
260 _aNew Delhi:
_bAnmol,
_c2005.
300 _a504p.
600 _a
650 _a
700 _a
942 _cBK